دور المعلومات المحاسبية في اتخاذ القرارات الاستثمار لدى المؤسسة العامة للضمان الاجتماعي الاردني = The Role of Accunting in formation in Making Investment Decision in Jordanian Social Security Corporation / (Record no. 32989)
[ view plain ]
| 000 -LEADER | |
|---|---|
| fixed length control field | 01316nam a2200241Ii 4500 |
| 003 - CONTROL NUMBER IDENTIFIER | |
| control field | JO-AjNU |
| 005 - DATE AND TIME OF LATEST TRANSACTION | |
| control field | 20240331090106.0 |
| 008 - FIXED-LENGTH DATA ELEMENTS--GENERAL INFORMATION | |
| fixed length control field | 230605s9999||||xx |||||||||||||| ||und|| |
| 040 #0 - CATALOGING SOURCE | |
| Original cataloging agency | JO-AjNU |
| Language of cataloging | ara |
| Description conventions | rda |
| Transcribing agency | JO-AjNU |
| 041 ## - LANGUAGE CODE | |
| Language code of text/sound track or separate title | ara |
| 050 ## - LIBRARY OF CONGRESS CALL NUMBER | |
| Classification number | HD7212.25.S8733 |
| Item number | 2010 |
| 100 #1 - MAIN ENTRY--PERSONAL NAME | |
| Personal name | العسولي، عبدالله حسين احمد |
| 9 (RLIN) | 64662 |
| Relator term | معد |
| 245 #0 - TITLE STATEMENT | |
| Title | دور المعلومات المحاسبية في اتخاذ القرارات الاستثمار لدى المؤسسة العامة للضمان الاجتماعي الاردني = The Role of Accunting in formation in Making Investment Decision in Jordanian Social Security Corporation / |
| Statement of responsibility, etc. | اعداد عبدالله حسين احمد العسولي ؛ إشراف محمود حسن قاقيش |
| 260 ## - PUBLICATION, DISTRIBUTION, ETC. | |
| Date of publication, distribution, etc. | 2010 |
| 300 ## - PHYSICAL DESCRIPTION | |
| Extent | 158ورقة |
| 336 ## - CONTENT TYPE | |
| Content type term | text |
| Content type code | txt |
| Source | rdacontent |
| 337 ## - MEDIA TYPE | |
| Media type term | unmediated |
| Media type code | n |
| Source | rdamedia |
| 338 ## - CARRIER TYPE | |
| Carrier type term | volume |
| Carrier type code | nc |
| Source | rdacarrier |
| 504 ## - BIBLIOGRAPHY, ETC. NOTE | |
| Bibliography, etc. note | رسالة جامعية(ماجستير).- جامعةعجلون الوطنية (عجلون، الأردن) ، كليةالعلوم التربوية، قسم صعوبات التعلم ، 2023. |
| 650 70 - SUBJECT ADDED ENTRY--TOPICAL TERM | |
| Topical term or geographic name entry element | التامين الاجتماعي - محاسبة - استثمار -الاردن |
| 9 (RLIN) | 64663 |
| 700 #1 - ADDED ENTRY--PERSONAL NAME | |
| Personal name | قاقيش، محمود حسن |
| 9 (RLIN) | 64645 |
| Relator term | مشرف |
| 942 ## - ADDED ENTRY ELEMENTS (KOHA) | |
| Source of classification or shelving scheme | Library of Congress Classification |
| Koha item type | Thesis |
| Withdrawn status | Lost status | Source of classification or shelving scheme | Damaged status | Not for loan | Home library | Current library | Date acquired | Total Checkouts | Full call number | Barcode | Date last seen | Price effective from | Koha item type |
|---|---|---|---|---|---|---|---|---|---|---|---|---|---|
| Library of Congress Classification | مكتبة جامعة عجلون الوطنية | مكتبة جامعة عجلون الوطنية | 26/03/2024 | HD7212.S8733 2010 | A29421 | 26/03/2024 | 26/03/2024 | Thesis |